Countries of the World Typing Challenge Quiz Stats

 Plays Quiz Updated Dec 17, 2018

Challenge
Share
Tweet
Embed
Score 0/42 Timer 01:00
29 Plays Today
Word Typed Word % Correct
????
100%
????
99.5%
????
99.1%
????
98.6%
????
98.1%
????
97.9%
????
97.7%
????
97.4%
????
97.1%
????
96.9%
????
96.7%
????
96.4%
????
96%
????
95.6%
????
95.1%
????
94.6%
????
93.9%
????
93.4%
????
92.6%
????
91.9%
????
90.8%
Word Typed Word % Correct
????
89%
????
87.5%
????
86.2%
????
84%
????
81.6%
????
79.6%
????
76.6%
????
73.3%
????
70%
????
65.4%
????
59.6%
????
54.7%
????
48%
????
43.5%
????
37.7%
????
31.1%
????
24.3%
????
18.6%
????
13.8%
????
9.9%
????
5.6%

You're not logged in!

Compare scores with friends on all Sporcle quizzes.
OR
Log In

You Might Also Like...

Show Comments

Extras

Top Quizzes Today


Score Distribution

Your Account Isn't Verified!

In order to create a playlist on Sporcle, you need to verify the email address you used during registration. Go to your Sporcle Settings to finish the process.

Report this User

Report this user for behavior that violates our Community Guidelines.

Details: